Digital Design and Computer Architecture.
Gardado en:
| Main Authors: | , |
|---|---|
| Formato: | Unknown |
| Publicado: |
Waltham, USA:
Elsevier; Morgan Kaufmann,
2016.
|
| Subjects: | |
| Tags: |
Engadir etiqueta
Sen Etiquetas, Sexa o primeiro en etiquetar este rexistro!
|
MARC
| LEADER | 00000 a2200000 4500 | ||
|---|---|---|---|
| 003 | CL-VaPUC | ||
| 005 | 20230426105809.0 | ||
| 008 | 230424t2016 ||||| |||| 00| 0 eng d | ||
| 999 | |c 440529 |d 440527 | ||
| 020 | |a 978-0128000564 | ||
| 040 | |c Pontificia Universidad Católica de Valparaíso | ||
| 082 | 7 | |a 621.392 HAR 2016 |2 22 | |
| 100 | |a Harris, Sarah L. |9 881471 |e author | ||
| 245 | |a Digital Design and Computer Architecture. | ||
| 260 | |a Waltham, USA: |b Elsevier; |b Morgan Kaufmann, |c 2016. | ||
| 300 | |a 559 páginas. | ||
| 583 | |k GC |c 20230424 | ||
| 650 | 0 | |a Electrónica digital |9 263160 | |
| 650 | 0 | |a Arquitectura de computadores |9 262439 | |
| 650 | 0 | |a Diseño lógico |9 262464 |x Procesamiento de datos | |
| 700 | |a Harris, David Money |e author |9 881763 | ||
| 942 | |2 ddc |c BK | ||
| 952 | |0 0 |1 0 |2 ddc |4 0 |6 621_392000000000000_HAR_2016 |7 0 |8 A |9 589772 |a BIBING |b BIBING |c GEN |d 2023-04-24 |e 1 |g 93083.00 |i 5657247 |l 2 |m 2 |o 621.392 HAR 2016 |p 5657247 |r 2025-05-09 |s 2025-04-23 |t 1 |v 93083.00 |w 2023-04-24 |y BK |k EIE | ||
| 952 | |0 0 |1 0 |2 ddc |4 0 |6 621_392000000000000_HAR_2016 |7 0 |8 A |9 589773 |a BIBING |b BIBING |c GEN |d 2023-04-24 |e 1 |g 93083.00 |i 5657249 |l 5 |m 3 |o 621.392 HAR 2016 |p 5657249 |r 2025-04-14 |s 2025-04-14 |t 3 |v 93083.00 |w 2023-04-24 |y BK |k EIE | ||
| 952 | |0 0 |1 0 |2 ddc |4 0 |6 621_392000000000000_HAR_2016 |7 0 |8 A |9 589774 |a BIBING |b BIBING |c GEN |d 2023-04-24 |e 1 |g 93083.00 |i 5657248 |l 7 |m 3 |o 621.392 HAR 2016 |p 5657248 |r 2025-04-04 |s 2025-03-26 |t 2 |v 93083.00 |w 2023-04-24 |y BK |k EIE | ||